Pokemon 5ème Génération - Statistiques

Statistiques générales
  • Ce quiz a été pris 63 fois
  • Le résultat moyen est 117 sur 156
Statistiques - réponses
Hint Réponse % Correct
Feu Gruikui
95%
Psy/Feu Victini
95%
Plante Vipélierre
95%
Eau Clamiral
92%
Normal Miradar
92%
Eau Moustillon
92%
Normal/Vol Poichigeon
92%
Feu/Combat Roitiflam
92%
Plante Majaspic
90%
Eau Mateloutre
90%
Normal Ponchien
90%
Normal Ponchiot
90%
Normal Ratentif
90%
Sol/Ténèbres Crocorible
87%
Normal/Vol Déflaisan
87%
Sol/Vol Démétéros
87%
Feu Flamajou
87%
Eau Flotajou
87%
Feu/Combat Grotichon
87%
Dragon/Glace Kyurem
87%
Plante Lianaja
87%
Normal Mastouffe
87%
Electrik Zébibron
87%
Electrik Zéblitz
87%
Insecte/Poison Brutapode
85%
Electrik/Vol Emolga
85%
Plante Feuillajou
85%
Feu Flamoutan
85%
Eau Flotoutan
85%
Ténèbres Léopardus
85%
Sol/Ténèbres Mascaïman
85%
Psy Méios
85%
Psy Munna
85%
Psy Mushana
85%
Dragon/Feu Reshiram
85%
Glace Sorbébé
85%
Glace Sorbouboul
85%
Glace Sorboul
85%
Plante/Combat Viridium
85%
Dragon/Electrik Zekrom
85%
Dragon Coupenotte
82%
Sol/Ténèbres Escroco
82%
Insecte/Acier Genesect
82%
Combat Judokrak
82%
Sol/Acier Minotaupe
82%
Plante/Acier Noacier
82%
Sol Rototaupe
82%
Ténèbres/Dragon Trioxhydre
82%
Ténèbres Chacripan
79%
Acier/Combat Cobaltium
79%
Normal/Vol Colombeau
79%
Eau/Vol Couaneton
79%
Plante Feuiloutan
79%
Electrik/Vol Fulguris
79%
Roche Gigalithe
79%
Dragon Incisache
79%
Combat Karaclée
79%
Insecte/Plante Manternel
79%
Psy Nucléos
79%
Eau Tritonde
79%
Insecte/Poison Venipatte
79%
Vol Boréas
77%
Combat Charpenti
77%
Psy/Vol Chovsourir
77%
Acier Clic
77%
Insecte/Plante Couverdure
77%
Insecte/Roche Crabicoque
77%
Psy/Vol Cryptéro
77%
Ténèbres/Dragon Diamat
77%
Plante/Acier Grindur
77%
Eau/Combat Keldeo
77%
Eau/Vol Lakmécygne
77%
Roche Nodulithe
77%
Psy/Vol Rhinolove
77%
Psy Symbios
77%
Roche/Combat Terrakium
77%
Acier Tic
77%
Spectre Tutafeh
77%
Spectre Tutankafer
77%
Eau/Spectre Viskuse
77%
Electrik Anchwatt
74%
Combat Bétochef
74%
Acier Cliticlic
74%
Insecte/Roche Crabaraque
74%
Eau/Sol Crapustule
74%
Spectre/Feu Funécire
74%
Roche Géolithe
74%
Insecte/Plante Larveyette
74%
Sol/Electrik Limonde
74%
Normal/Psy Meloetta
74%
Poison Miasmax
74%
Eau/Spectre Moyade
74%
Insecte/Electrik Mygavolt
74%
Electrik Ohmassacre
74%
Insecte/Feu Pyrax
74%
Insecte/Poison Scobolide
74%
Ténèbres/Dragon Solochi
74%
Insecte/Electrik Statitik
74%
Dragon Tranchodon
74%
Feu Darumacho
72%
Plante Fragilady
72%
Sol/Spectre Golemastoc
72%
Normal/Vol Gueriaigle
72%
Normal/Plante Haydaim
72%
Insecte/Acier Lançargot
72%
Spectre/Feu Mélancolux
72%
Psy Mesmérella
72%
Poison Miamiasme
72%
Psy Sidérella
72%
Eau/Sol Batracné
69%
Feu Darumarond
69%
Plante/Fée Doudouvet
69%
Plante/Fée Farfaduvet
69%
Normal/Vol Furaiglon
69%
Glace Hexagel
69%
Electrik Lampéroie
69%
Spectre/Feu Lugulabre
69%
Combat Ouvrifier
69%
Glace Polagriffe
69%
Glace Polarhume
69%
Psy Scrutella
69%
Normal/Plante Vivaldaim
69%
Eau/Roche Carapagos
67%
Insecte Escargaume
67%
Insecte/Acier Fermite
67%
Sol/Spectre Gringolem
67%
Normal Nanméouïe
67%
Insecte/Feu Pyronille
67%
Ténèbres/Acier Scalpion
67%
Ténèbres/Acier Scalproie
67%
Ténèbres/Vol Vaututrice
67%
Feu Aflamanoir
64%
Roche/Vol Arkéapti
64%
Eau/Roche Mégapagos
64%
Ténèbres/Combat Baggaïd
62%
Ténèbres/Combat Baggiguane
62%
Insecte Carabing
62%
Plante Chlorobule
62%
Insecte Limaspeed
62%
Plante Maracachi
62%
Dragon Drakkarmin
59%
Combat Shaofouine
59%
Ténèbres/Vol Vostourno
59%
Roche/Vol Aéroptéryx
56%
Combat Kungfouine
56%
Ténèbres Zoroark
56%
Ténèbres Zorua
56%
Normal Chinchidou
54%
Psy Lewsor
54%
Psy Neitram
51%
Normal Pashmilla
51%
Eau Bargantua
49%
Normal Frison
46%
Plante/Poison Gaulet
46%
Plante/Poison Trompignon
44%
Eau Mamanbo
41%
Aucun quiz correspondant
Distribution des résultats
% des personnes avec chaque résultat
Percentile par nombre de réponses
Votre historique - résultats
Vous n’avez pas pris ce quiz